100 Biggest Cities of Bulgaria on a Map - Statistics

General Stats
  • This quiz has been taken 491 times
  • The average score is 32 of 100
Answers on the Map
Answers color-coded by a green-red scale on the quiz's map according to % correct below.
 
Answer Stats
Population City % Correct
1,183,454 Sofia
99%
310,664 Varna
93%
319,612 Plovdiv
92%
189,741 Burgas
87%
124,787 Ruse
78%
92,101 Pleven
68%
122,536 Stara Zagora
68%
58,507 Veliko Tǎrnovo
64%
62,534 Blagoevgrad
61%
67,971 Šumen
60%
73,895 Dobrič
58%
68,259 Pernik
58%
80,467 Sliven
57%
65,829 Haskovo
55%
35,784 Vidin
54%
29,107 Razgrad
52%
37,653 Montana
51%
55,716 Pazardžik
49%
61,766 Jambol
47%
50,666 Vraca
46%
28,466 Silistra
43%
45,940 Gabrovo
42%
40,659 Kǎrdžali
42%
28,767 Loveč
42%
9,062 Bansko
41%
33,401 Tǎrgovište
41%
35,888 Kjustendil
40%
31,994 Dimitrovgrad
39%
25,555 Smoljan
39%
45,943 Asenovgrad
37%
11,236 Nesebǎr
37%
16,836 Nova Zagora
36%
26,435 Petrič
35%
24,061 Sandanski
35%
16,842 Lom
34%
27,603 Dupnica
33%
16,797 Svilengrad
32%
19,853 Karlovo
31%
9,310 Balčik
30%
18,948 Botevgrad
30%
26,389 Gorna Orjahovica
30%
42,208 Kazanlǎk
30%
17,888 Goce Delčev
29%
12,329 Pomorie
29%
24,516 Samokov
29%
18,385 Svištov
29%
17,764 Ajtos
28%
20,258 Velingrad
28%
17,667 Trojan
26%
15,249 Karnobat
25%
10,507 Kavarna
25%
11,072 Kozloduj
25%
17,807 Sevlievo
25%
6,659 Bjala
24%
15,692 Panagjurište
24%
16,003 Harmanli
23%
10,343 Provadija
23%
11,210 Razlog
23%
12,798 Ihtiman
22%
8,891 Mezdra
22%
10,383 Novi Pazar
22%
7,040 Tutrakan
22%
6,600 Elin Pelin
21%
7,424 Isperih
21%
7,649 Levski
21%
7,195 Momčilgrad
21%
13,076 Popovo
21%
7,470 Sopot
21%
11,935 Kostinbrod
20%
7,150 Aksakovo
19%
10,244 Bankja
19%
8,944 Elhovo
19%
12,870 Peštera
19%
14,924 Rakovski
19%
7,881 Sredec
19%
6,616 Devnja
18%
7,396 Trjavna
18%
10,191 Berkovica
17%
9,248 Bjala Slatina
17%
10,788 Červen Brjag
17%
13,151 Čirpan
17%
9,488 Etropole
17%
7,743 Lukovit
17%
13,591 Novi Iskǎr
17%
11,921 Radomir
17%
7,151 Svoge
17%
8,589 Pavlikeni
16%
7,028 Slivnica
16%
9,949 Kneža
15%
7,010 Ljaskovec
15%
11,513 Pǎrvomaj
15%
7,850 Teteven
15%
6,590 Pirdop
14%
10,597 Radnevo
14%
10,028 Stambolijski
14%
7,062 Gǎlǎbovo
13%
7,245 Kričim
13%
6,818 Ljubimec
13%
6,985 Beloslav
12%
6,997 Rakitovo
12%
No matching quizzes found
Score Distribution
Percent of People with Each Score
Percentile by Number Answered
Your Score History
You have not taken this quiz